| 000 | 00542nam a2200169Ia 4500 | ||
|---|---|---|---|
| 003 | GCL | ||
| 008 | 140319s9999 xx 000 0 ara d | ||
| 040 |
_aGCL / _cGCL |
||
| 082 | 0 | 4 |
_a152.8 _bم ا |
| 100 | 1 | _aميخائيل اسعد | |
| 245 | 1 | 0 |
_aالاحصاء النفسى وقياس القدرات الأنسانية / _cميخائيل اسعد |
| 260 |
_a[S.N] : _bدار الافاق الجديدة ، _c1990 |
||
| 490 | _a | ||
| 650 | 0 | 4 | _aالقياس التربوى |
| 650 | 0 | 4 | _aالقياس الاجتماعى |
| 942 |
_2ddc _cBK |
||
| 999 |
_c39617 _d39617 |
||